Výsledok hospodárenia komerčnej poisťovne a jeho prezentácia v účtovnej závierke diplomová práca
Saved in:
| Main Author: | |
|---|---|
| Corporate Author: | |
| Other Authors: | |
| Format: | Book |
| Language: | Slovak |
| Published: |
Bratislava
2011
|
| Tags: |
No Tags, Be the first to tag this record!
|
MARC
| LEADER | 00000nbm a2200000 4500 | ||
|---|---|---|---|
| 001 | 0140693 | ||
| 005 | 20170315090429.0 | ||
| 041 | 0 | |a slo | |
| 044 | |a SK | ||
| 245 | 1 | 0 | |a Výsledok hospodárenia komerčnej poisťovne a jeho prezentácia v účtovnej závierke |b diplomová práca |c Beáta Reptíková ; školiteľ: Zuzana Juhászová |
| 264 | 1 | |a Bratislava |c 2011 | |
| 300 | |a 97 s. | ||
| 100 | 1 | |a Reptíková, Beáta | |
| 700 | 1 | |a Juhászová, Zuzana, 1970- | |
| 710 | 2 | |a Fakulta hospodárskej informatiky EU. Katedra účtovníctva a audítorstva | |